Online Catalogue and eLibrary

Gender, Rights and Development (Record no. 4493)

MARC details
000 -LEADER
fixed length control field 00515nam a2200205Ia 4500
005 - DATE AND TIME OF LATEST TRANSACTION
control field 20241219035943.0
008 - FIXED-LENGTH DATA ELEMENTS--GENERAL INFORMATION
fixed length control field 240331s9999 xx 000 0 und d
020 ## - INTERNATIONAL STANDARD BOOK NUMBER
ISBN 9789068327427
082 ## - DDC Classification
Item Number - Author Mark MAI
DDC Edition Number 6201
Class No. 305
245 #0 - TITLE STATEMENT
Title Gender, Rights and Development
Remainder of title A Global Sourcebook
260 ## - PUBLICATION, DISTRIBUTION, ETC.
Place of publication, distribution, etc. Amsterdam
Name of publisher, distributor, etc. KIT Publishers
Date of publication, distribution, etc. 2008
300 ## - PHYSICAL DESCRIPTION
Extent (e.g. Volumes, Pages etc.) 160 p.,
650 ## - SUBJECT ADDED ENTRY--TOPICAL TERM
Topical term or geographic name entry element Gender
650 ## - SUBJECT ADDED ENTRY--TOPICAL TERM
Topical term or geographic name entry element Equality
650 ## - SUBJECT ADDED ENTRY--TOPICAL TERM
Topical term or geographic name entry element Women
650 ## - SUBJECT ADDED ENTRY--TOPICAL TERM
Topical term or geographic name entry element Society
700 ## - ADDED ENTRY--PERSONAL NAME
Personal name Mukhopadhyay, M
Relator term (Role) Editor
700 ## - ADDED ENTRY--PERSONAL NAME
Personal name Meer, S
Relator term (Role) Editor
942 ## - Koha item type (Biblio)
Koha item type Books in Stacks (Lending)
Holdings
Lost status Damaged status Collection code Home library Current library Shelving location Date acquired Full call number Accession Number Item type
    Lending WERC Library WERC Library Social Science Cupboard 03/31/2024 305 GEN 6201 Books in Stacks (Lending)

© WERC Library